00370nam a2200157Ia 4500008004100000020001800041245003800059245001800097260001500115260001600130260000900146300001400155300002500169300001000194500000800204170705s9999 xx 000 0 und d a9780590448505 aWhat do you do with a kangaroo? / cMercer Mayer. aNew York : bScholastic, c1973 aunpaged : bcolor illustration ; c23cm. a710